000 005490000a22001810004500
041 0 _aSPA
082 0 4 _aG 284.3 K911a
100 1 _aKraus, C. Norman
245 1 0 _aAnabautismo y evangelicismo / C. Norman Kraus ; Marta Judith Padilla de Mejía, Traductor
260 _aCiudad de Guatemala, Guatemala : Semilla
300 _a184 Pag
500 _aTítulo original : Evangelicalism and anabaptism
001 8744
942 _cBK
999 _c38864
_d38864
336 _atexto
_btxt
_2rdacontent
337 _2rdamedia
_asin mediación
_bn
338 _2rdacarrier
_avolumen
_bnc